000 01134nac a22002291u 4500
008 100810s19?? ua|||||r|||| 001 0dara d
082 _a621.3
_bج ر ا
100 _aجراف،هاينز
_917375
245 _a،ج 2 أساسيات الهندسة الكهربائية/
_cتأليف هاينز جراف؛ترجمة أحمد مختار شافعي،إبراهيم يعقوب مطر
260 _aالقاهرة:
_bمؤسسة الأهرام،
_c[19??]
300 _a250 ص:
_c18 cm.
_bايض،
490 _917331
_aالأسس التكنولوجية
504 _aيشتمل على ببليوجرافية ص344-350
541 _cشراء؛
650 _aالهندسة الكهربائية
_917292
650 _aالآلات الكهربائية
_917379
700 _aشافعي،أحمد مختار
_917376
700 _aمطر،إبراهيم يعقوب
_917377
700 _aAbd El Wahed,Anwar Mahmoud
_917381
942 _cBB
_k621.3ج ر ا
_2ddc
999 _c6330
_d6330